Brentford League Players Since 2014 - Statistics

General Stats
  • This quiz has been taken 35 times
    17 since last reset
  • The average score is 142 of 281
Answer Stats
% Correct
2022/23 (Premier League - 9th) Spain GK 26 David Raya 38
100%
2021/22 (Premier League - 13th) Spain GK 25 David Raya 24
100%
2020/21 (Championship - 3rd) Spain GK 24 David Raya 42
100%
2019/20 (Championship - 3rd) Spain GK 23 David Raya 46
100%
2023/24 (Premier League - 16th) Denmark LW 23 Mikkel Damsgaard 23
100%
2022/23 (Premier League - 9th) Denmark LW 21 Mikkel Damsgaard 26
100%
2023/24 (Premier League - 16th) Cameroon RW 24 Bryan Mbeumo 25 9
91%
2022/23 (Premier League - 9th) Cameroon RW 22 Bryan Mbeumo 38 9
91%
2021/22 (Premier League - 13th) Cameroon RW 21 Bryan Mbeumo 35 4
91%
2020/21 (Championship - 3rd) Cameroon RW 20 Bryan Mbeumo 44 8
91%
2019/20 (Championship - 3rd) Cameroon RW 19 Bryan Mbeumo 42 15
91%
2023/24 (Premier League - 16th) Denmark DM 30 Christian Norgaard 31 2
91%
2022/23 (Premier League - 9th) Denmark DM 28 Christian Norgaard 22 1
91%
2021/22 (Premier League - 13th) Denmark DM 27 Christian Norgaard 35 3
91%
2020/21 (Championship - 3rd) Denmark DM 26 Christian Norgaard 17
91%
2019/20 (Championship - 3rd) Denmark DM 25 Christian Norgaard 42
91%
2023/24 (Premier League - 16th) Jamaica CB 31 Ethan Pinnock 29 2
91%
2022/23 (Premier League - 9th) Jamaica CB 29 Ethan Pinnock 30 3
91%
2021/22 (Premier League - 13th) Jamaica CB 28 Ethan Pinnock 32 1
91%
2020/21 (Championship - 3rd) Jamaica CB 27 Ethan Pinnock 39 1
91%
2019/20 (Championship - 3rd) Jamaica CB 26 Ethan Pinnock 36 2
91%
2023/24 (Premier League - 16th) England ST 28 Ivan Toney 17 4
91%
2022/23 (Premier League - 9th) England ST 26 Ivan Toney 33 20
91%
2021/22 (Premier League - 13th) England ST 25 Ivan Toney 33 12
91%
2020/21 (Championship - 3rd) England ST 24 Ivan Toney 45 31
91%
2023/24 (Premier League - 16th) England CM 25 Josh Dasilva 3
91%
2022/23 (Premier League - 9th) England CM 23 Josh Dasilva 36 4
91%
2021/22 (Premier League - 13th) England CM 22 Josh Dasilva 9
91%
2020/21 (Championship - 3rd) England CM 21 Josh Dasilva 30 5
91%
2019/20 (Championship - 3rd) England CM 20 Josh Dasilva 42 10
91%
2018/19 (Championship - 11th) England CM 19 Josh Dasilva 17 1
91%
2023/24 (Premier League - 16th) England LW 23 Keane Lewis-Potter 30 3
91%
2022/23 (Premier League - 9th) England LW 21 Keane Lewis-Potter 10
91%
2023/24 (Premier League - 16th) Germany RW 22 Kevin Schade 11 2
91%
2022/23 (Premier League - 9th) Germany RW 20 Kevin Schade 18
91%
2023/24 (Premier League - 16th) Netherlands GK 30 Mark Flekken 37
91%
2023/24 (Premier League - 16th) France ST 27 Neal Maupay 29 6
91%
2018/19 (Championship - 11th) France ST 21 Neal Maupay 43 25
91%
2017/18 (Championship - 9th) France ST 20 Neal Maupay 42 12
91%
2023/24 (Premier League - 16th) Germany DM 26 Vitaly Janelt 38 1
91%
2022/23 (Premier League - 9th) Germany DM 24 Vitaly Janelt 35 3
91%
2021/22 (Premier League - 13th) Germany DM 23 Vitaly Janelt 31 4
91%
2020/21 (Championship - 3rd) Germany DM 22 Vitaly Janelt 41 3
91%
2023/24 (Premier League - 16th) DR Congo LW 27 Yoane Wissa 34 12
91%
2022/23 (Premier League - 9th) DR Congo LW 25 Yoane Wissa 38 7
91%
2021/22 (Premier League - 13th) DR Congo LW 24 Yoane Wissa 30 7
91%
2023/24 (Premier League - 16th) England CB 34 Ben Mee 16 2
82%
2022/23 (Premier League - 9th) England CB 32 Ben Mee 37 3
82%
2023/24 (Premier League - 16th) Nigeria CM 26 Frank Onyeka 26 1
82%
2022/23 (Premier League - 9th) Nigeria CM 24 Frank Onyeka 21
82%
2021/22 (Premier League - 13th) Nigeria CM 23 Frank Onyeka 20
82%
2023/24 (Premier League - 16th) Norway CB 26 Kristoffer Ajer 28 2
82%
2022/23 (Premier League - 9th) Norway CB 24 Kristoffer Ajer 9
82%
2021/22 (Premier League - 13th) Norway CB 23 Kristoffer Ajer 24 1
82%
2023/24 (Premier League - 16th) Denmark CM 28 Mathias Jensen 32 3
82%
2022/23 (Premier League - 9th) Denmark CM 26 Mathias Jensen 37 5
82%
2021/22 (Premier League - 13th) Denmark CM 25 Mathias Jensen 31
82%
2020/21 (Championship - 3rd) Denmark CM 24 Mathias Jensen 45 2
82%
2019/20 (Championship - 3rd) Denmark CM 23 Mathias Jensen 39 1
82%
2023/24 (Premier League - 16th) Denmark CB 34 Mathias Jorgensen 14 1
82%
2022/23 (Premier League - 9th) Denmark CB 32 Mathias Jorgensen 18
82%
2021/22 (Premier League - 13th) Denmark CB 31 Mathias Jorgensen 8 1
82%
2023/24 (Premier League - 16th) Ireland CB 23 Nathan Collins 32 1
82%
2023/24 (Premier League - 16th) England LB 26 Rico Henry 5
82%
2022/23 (Premier League - 9th) England LB 24 Rico Henry 37
82%
2021/22 (Premier League - 13th) England LB 23 Rico Henry 34 3
82%
2020/21 (Championship - 3rd) England LB 22 Rico Henry 30 1
82%
2019/20 (Championship - 3rd) England LB 21 Rico Henry 46
82%
2018/19 (Championship - 11th) England LB 20 Rico Henry 14 1
82%
2017/18 (Championship - 9th) England LB 19 Rico Henry 8
82%
2016/17 (Championship - 10th) England LB 18 Rico Henry 12
82%
2022/23 (Premier League - 9th) Spain RW 25 Sergi Canos 5
82%
2021/22 (Premier League - 13th) Spain RW 24 Sergi Canos 31 3
82%
2020/21 (Championship - 3rd) Spain RW 23 Sergi Canos 46 9
82%
2019/20 (Championship - 3rd) Spain RW 22 Sergi Canos 13
82%
2018/19 (Championship - 11th) Spain RW 21 Sergi Canos 44 7
82%
2017/18 (Championship - 9th) Spain RW 20 Sergi Canos 30 3
82%
2016/17 (Championship - 10th) Spain RW 19 Sergi Canos 18 4
82%
2015/16 (Championship - 9th) Spain RW 18 Sergi Canos 38 7
82%
2023/24 (Premier League - 16th) Scotland RB 21 Aaron Hickey 9
73%
2022/23 (Premier League - 9th) Scotland RB 20 Aaron Hickey 26
73%
2023/24 (Premier League - 16th) Denmark RB 24 Mads Roerslev 34 1
73%
2022/23 (Premier League - 9th) Denmark RB 23 Mads Roerslev 20
73%
2021/22 (Premier League - 13th) Denmark RB 22 Mads Roerslev 21 1
73%
2020/21 (Championship - 3rd) Denmark RB 21 Mads Roerslev 17
73%
2019/20 (Championship - 3rd) Denmark RB 20 Mads Roerslev 11
73%
2019/20 (Championship - 3rd) England ST 23 Ollie Watkins 46 25
73%
2018/19 (Championship - 11th) England ST 22 Ollie Watkins 41 10
73%
2017/18 (Championship - 9th) England ST 21 Ollie Watkins 45 10
73%
2022/23 (Premier League - 9th) Sweden CB 31 Pontus Jansson 12 1
73%
2021/22 (Premier League - 13th) Sweden CB 30 Pontus Jansson 37 3
73%
2020/21 (Championship - 3rd) Sweden CB 29 Pontus Jansson 24
73%
2019/20 (Championship - 3rd) Sweden CB 28 Pontus Jansson 34
73%
2020/21 (Championship - 3rd) Algeria LW 24 Said Benrahma 2
73%
2019/20 (Championship - 3rd) Algeria LW 23 Said Benrahma 43 17
73%
2018/19 (Championship - 11th) Algeria LW 22 Said Benrahma 38 10
73%
2023/24 (Premier League - 16th) Albania GK 29 Thomas Strakosha 2
73%
2021/22 (Premier League - 13th) Denmark AM 29 Christian Eriksen 11 1
64%
2023/24 (Premier League - 16th) Iran AM 30 Saman Ghoddos 19 1
64%
2022/23 (Premier League - 9th) Iran AM 28 Saman Ghoddos 15
64%
2021/22 (Premier League - 13th) Iran AM 27 Saman Ghoddos 17 1
64%
2020/21 (Championship - 3rd) Iran AM 26 Saman Ghoddos 40 3
64%
2023/24 (Premier League - 16th) Spain LB 27 Sergio Reguilon 16
64%
2023/24 (Premier League - 16th) Grenada CM 26 Shandon Baptiste 10 1
64%
2022/23 (Premier League - 9th) Grenada CM 24 Shandon Baptiste 23
64%
2021/22 (Premier League - 13th) Grenada CM 23 Shandon Baptiste 22 1
64%
2020/21 (Championship - 3rd) Grenada CM 22 Shandon Baptiste 1
64%
2019/20 (Championship - 3rd) Grenada CM 21 Shandon Baptiste 12
64%
2020/21 (Championship - 3rd) New Zealand CB 31 Winston Reid 10
64%
2017/18 (Championship - 9th) England CB 25 Harlee Dean 3
55%
2016/17 (Championship - 10th) England CB 24 Harlee Dean 42 3
55%
2015/16 (Championship - 9th) England CB 23 Harlee Dean 42
55%
2014/15 (Championship - 5th) England CB 22 Harlee Dean 35 1
55%
2021/22 (Premier League - 13th) Finland ST 22 Marcus Forss 7
55%
2020/21 (Championship - 3rd) Finland ST 21 Marcus Forss 39 7
55%
2019/20 (Championship - 3rd) Finland ST 20 Marcus Forss 2
55%
2018/19 (Championship - 11th) Finland ST 19 Marcus Forss 6 1
55%
2023/24 (Premier League - 16th) Ukraine AM 20 Yegor Yarmolyuk 27
55%
2021/22 (Premier League - 13th) Spain GK 23 Alvaro Fernandez 12
45%
2018/19 (Championship - 11th) England CB 20 Ezri Konsa 42 1
45%
2020/21 (Championship - 3rd) Denmark RB 30 Henrik Dalsgaard 35 2
45%
2019/20 (Championship - 3rd) Denmark RB 29 Henrik Dalsgaard 43 1
45%
2018/19 (Championship - 11th) Denmark RB 28 Henrik Dalsgaard 40 2
45%
2017/18 (Championship - 9th) Denmark RB 27 Henrik Dalsgaard 29 1
45%
2021/22 (Premier League - 13th) Denmark GK 32 Jonas Lossl 2
45%
2017/18 (Championship - 9th) Spain RW 26 Jota Peleteiro 4
45%
2016/17 (Championship - 10th) Spain RW 25 Jota Peleteiro 21 12
45%
2015/16 (Championship - 9th) Spain RW 24 Jota Peleteiro 5
45%
2014/15 (Championship - 5th) Spain RW 23 Jota Peleteiro 42 11
45%
2018/19 (Championship - 11th) St. Kitts & Nevis AM 26 Romaine Sawyers 52
45%
2017/18 (Championship - 9th) St. Kitts & Nevis AM 25 Romaine Sawyers 42 4
45%
2016/17 (Championship - 10th) St. Kitts & Nevis AM 24 Romaine Sawyers 43 2
45%
2016/17 (Championship - 10th) Ireland ST 24 Scott Hogan 25 14
45%
2015/16 (Championship - 9th) Ireland ST 23 Scott Hogan 7 7
45%
2014/15 (Championship - 5th) Ireland ST 22 Scott Hogan 1
45%
2021/22 (Premier League - 13th) Ghana LW 25 Tariqe Fosu 1
45%
2020/21 (Championship - 3rd) Ghana LW 24 Tariqe Fosu 39 4
45%
2019/20 (Championship - 3rd) Ghana LW 23 Tariqe Fosu 10 1
45%
2018/19 (Championship - 11th) Ireland CM 29 Alan Judge 20 1
36%
2017/18 (Championship - 9th) Ireland CM 28 Alan Judge 13
36%
2015/16 (Championship - 9th) Ireland CM 26 Alan Judge 38 14
36%
2014/15 (Championship - 5th) Ireland CM 25 Alan Judge 37 3
36%
2015/16 (Championship - 9th) Jamaica ST 24 Andre Gray 2 2
36%
2014/15 (Championship - 5th) Jamaica ST 23 Andre Gray 45 16
36%
2021/22 (Premier League - 13th) England CB 25 Charlie Goode 6
36%
2020/21 (Championship - 3rd) England CB 24 Charlie Goode 8
36%
2018/19 (Championship - 11th) Wales CB 20 Chris Mepham 22
36%
2017/18 (Championship - 9th) Wales CB 19 Chris Mepham 21 1
36%
2018/19 (Championship - 11th) England GK 24 Daniel Bentley 33
36%
2017/18 (Championship - 9th) England GK 23 Daniel Bentley 45
36%
2016/17 (Championship - 10th) England GK 22 Daniel Bentley 45
36%
2020/21 (Championship - 3rd) Denmark AM 25 Emiliano Marcondes 31 1
36%
2019/20 (Championship - 3rd) Denmark AM 24 Emiliano Marcondes 25 2
36%
2018/19 (Championship - 11th) Denmark AM 23 Emiliano Marcondes 13
36%
2017/18 (Championship - 9th) Denmark AM 22 Emiliano Marcondes 12
36%
2021/22 (Premier League - 13th) Wales RB 18 Fin Stevens 1
36%
2020/21 (Championship - 3rd) Wales RB 17 Fin Stevens 2
36%
2017/18 (Championship - 9th) Suriname RW 26 Florian Jozefzoon 39 7
36%
2016/17 (Championship - 10th) Suriname RW 25 Florian Jozefzoon 19 1
36%
2022/23 (Premier League - 9th) Turkey ST 22 Halil Dervisoglu 1
36%
2019/20 (Championship - 3rd) Turkey ST 19 Halil Dervisoglu 4
36%
2017/18 (Championship - 9th) Ireland CB 24 John Egan 33 2
36%
2016/17 (Championship - 10th) Ireland CB 23 John Egan 34 4
36%
2017/18 (Championship - 9th) Denmark ST 30 Lasse Vibe 19 7
36%
2016/17 (Championship - 10th) Denmark ST 29 Lasse Vibe 34 15
36%
2015/16 (Championship - 9th) Denmark ST 28 Lasse Vibe 41 14
36%
2020/21 (Championship - 3rd) England GK 32 Luke Daniels 4
36%
2018/19 (Championship - 11th) England GK 30 Luke Daniels 12
36%
2017/18 (Championship - 9th) England GK 29 Luke Daniels 1
36%
2022/23 (Premier League - 9th) Denmark CB 23 Mads Bech Sorensen 4
36%
2021/22 (Premier League - 13th) Denmark CB 22 Mads Bech Sorensen 11
36%
2020/21 (Championship - 3rd) Denmark CB 21 Mads Bech Sorensen 32 2
36%
2019/20 (Championship - 3rd) Denmark CB 20 Mads Bech Sorensen 1
36%
2018/19 (Championship - 11th) Denmark CB 19 Mads Bech Sorensen 8
36%
2017/18 (Championship - 9th) France RB 25 Maxime Colin 3
36%
2016/17 (Championship - 10th) France RB 24 Maxime Colin 38 4
36%
2015/16 (Championship - 9th) France RB 23 Maxime Colin 21
36%
2023/24 (Premier League - 16th) England RW 20 Michael Olakigbe 8
36%
2018/19 (Championship - 11th) England RB 24 Moses Odubajo 30
36%
2014/15 (Championship - 5th) England RB 20 Moses Odubajo 45 3
36%
2023/24 (Premier League - 16th) England AM 21 Myles Peart-Harris 3
36%
2018/19 (Championship - 11th) China DM 25 Nico Yennaris 17
36%
2017/18 (Championship - 9th) China DM 24 Nico Yennaris 41 4
36%
2016/17 (Championship - 10th) China DM 23 Nico Yennaris 46 6
36%
2015/16 (Championship - 9th) China DM 22 Nico Yennaris 31 2
36%
2014/15 (Championship - 5th) China DM 21 Nico Yennaris 1
36%
2017/18 (Championship - 9th) England DM 23 Ryan Woods 39 1
36%
2016/17 (Championship - 10th) England DM 22 Ryan Woods 42
36%
2015/16 (Championship - 9th) England DM 21 Ryan Woods 41 2
36%
2020/21 (Championship - 3rd) Scotland ST 18 Aaron Pressley 2
27%
2016/17 (Championship - 10th) Ireland DM 32 Alan McCormack 11
27%
2015/16 (Championship - 9th) Ireland DM 31 Alan McCormack 27
27%
2014/15 (Championship - 5th) Ireland DM 30 Alan McCormack 18 1
27%
2014/15 (Championship - 5th) England AM 21 Alex Pritchard 45 12
27%
2017/18 (Championship - 9th) Denmark CB 28 Andreas Bjelland 34 1
27%
2016/17 (Championship - 10th) Denmark CB 27 Andreas Bjelland 28
27%
2018/19 (Championship - 11th) Ireland RW 21 Chiedozie Ogbene 4
27%
2017/18 (Championship - 9th) Ireland RW 20 Chiedozie Ogbene 2
27%
2015/16 (Championship - 9th) England GK 26 David Button 46
27%
2014/15 (Championship - 5th) England GK 25 David Button 46
27%
2021/22 (Premier League - 13th) England LB 20 Dominic Thompson 2
27%
2020/21 (Championship - 3rd) England LB 19 Dominic Thompson 4
27%
2019/20 (Championship - 3rd) England LB 18 Dominic Thompson 2
27%
2015/16 (Championship - 9th) England LB 22 Jake Bidwell 45 2
27%
2014/15 (Championship - 5th) England LB 21 Jake Bidwell 43
27%
2015/16 (Championship - 9th) England CB 22 James Tarkowski 23 1
27%
2014/15 (Championship - 5th) England CB 21 James Tarkowski 34 1
27%
2020/21 (Championship - 3rd) Czech Republic CM 19 Jan Zamburek 6
27%
2019/20 (Championship - 3rd) Czech Republic CM 18 Jan Zamburek 16
27%
2018/19 (Championship - 11th) Czech Republic CM 17 Jan Zamburek 1
27%
2015/16 (Championship - 9th) England CM 20 John Swift 27 7
27%
2019/20 (Championship - 3rd) Guinea CB 27 Julian Jeanvier 26 1
27%
2018/19 (Championship - 11th) Guinea CB 26 Julian Jeanvier 24 2
27%
2018/19 (Championship - 11th) Scotland CM 24 Lewis Macleod 17 3
27%
2017/18 (Championship - 9th) Scotland CM 23 Lewis Macleod 10 1
27%
2016/17 (Championship - 10th) Scotland CM 22 Lewis Macleod 13
27%
2015/16 (Championship - 9th) Scotland CM 21 Lewis Macleod 1
27%
2014/15 (Championship - 5th) Jamaica CB 21 Liam Moore 3
27%
2021/22 (Premier League - 13th) Denmark CM 20 Mads Bidstrup 4
27%
2020/21 (Championship - 3rd) Denmark CM 19 Mads Bidstrup 4
27%
2016/17 (Championship - 10th) England CM 32 Sam Saunders 8
27%
2015/16 (Championship - 9th) England CM 31 Sam Saunders 25 3
27%
2014/15 (Championship - 5th) England CM 30 Sam Saunders 5 2
27%
2014/15 (Championship - 5th) Northern Ireland RB 23 Stuart Dallas 38 6
27%
2014/15 (Championship - 5th) England ST 34 Tommy Smith 28 1
27%
2015/16 (Championship - 9th) Germany LW 23 Akaki Gogia 13
18%
2014/15 (Championship - 5th) Portugal ST 20 Betinho 1
18%
2014/15 (Championship - 5th) England ST 19 Chris Long 10 4
18%
2019/20 (Championship - 3rd) England CM 19 Dru Yearwood 2
18%
2016/17 (Championship - 10th) Argentina RW 28 Emmanuel Ledesma 1
18%
2019/20 (Championship - 3rd) Finland CM 18 Jaakko Oksanen 1
18%
2018/19 (Championship - 11th) Finland CM 17 Jaakko Oksanen 1
18%
2016/17 (Championship - 10th) Ireland GK 22 Jack Bonham 1
18%
2015/16 (Championship - 9th) England CB 21 Jack O'Connell 16 1
18%
2019/20 (Championship - 3rd) Ecuador AM 24 Joel Valencia 19 1
18%
2014/15 (Championship - 5th) Ireland CM 32 Jonathan Douglas 44 8
18%
2014/15 (Championship - 5th) Spain AM 19 Jon Toral 34 6
18%
2019/20 (Championship - 3rd) England RB 24 Josh Clarke 1
18%
2018/19 (Championship - 11th) England RB 23 Josh Clarke 1
18%
2017/18 (Championship - 9th) England RB 22 Josh Clarke 28 1
18%
2016/17 (Championship - 10th) England RB 21 Josh Clarke 30 2
18%
2015/16 (Championship - 9th) England RB 20 Josh Clarke 11
18%
2018/19 (Championship - 11th) England CM 25 Josh McEachran 24 1
18%
2017/18 (Championship - 9th) England CM 24 Josh McEachran 25
18%
2016/17 (Championship - 10th) England CM 23 Josh McEachran 27
18%
2015/16 (Championship - 9th) England CM 22 Josh McEachran 14
18%
2017/18 (Championship - 9th) Denmark ST 19 Justin Shaibu 2
18%
2016/17 (Championship - 10th) Denmark ST 18 Justin Shaibu 4
18%
2019/20 (Championship - 3rd) South Africa DM 28 Kamohelo Mokotjo 25 1
18%
2018/19 (Championship - 11th) South Africa DM 27 Kamohelo Mokotjo 34 3
18%
2017/18 (Championship - 9th) South Africa DM 26 Kamohelo Mokotjo 35 1
18%
2016/17 (Championship - 10th) Austria CM 24 Konstantin Kerschbaumer 20 1
18%
2015/16 (Championship - 9th) Austria CM 23 Konstantin Kerschbaumer 30
18%
2015/16 (Championship - 9th) Uruguay ST 22 Leandro Rodriguez 2
18%
2019/20 (Championship - 3rd) Denmark CB 20 Luka Racic 4 1
18%
2018/19 (Championship - 11th) Denmark CB 19 Luka Racic 2
18%
2015/16 (Championship - 9th) Austria ST 22 Marco Djuricin 22 4
18%
2014/15 (Championship - 5th) Spain DM 28 Marcos Tebar 4
18%
2020/21 (Championship - 3rd) England LW 18 Max Haygarth 1
18%
2021/22 (Premier League - 13th) England RW 18 Nathan Young-Coombes 1
18%
2014/15 (Championship - 5th) Germany ST 27 Nick Proschwitz 18 1
18%
2019/20 (Championship - 3rd) Greece ST 27 Nikolaos Karelis 4
18%
2018/19 (Championship - 11th) Iceland GK 17 Patrik Gunnarsson 1
18%
2016/17 (Championship - 10th) Germany ST 23 Philipp Hofmann 10
18%
2015/16 (Championship - 9th) Germany ST 22 Philipp Hofmann 21 4
18%
2016/17 (Championship - 10th) England CM 18 Reece Cole 1
18%
2016/17 (Championship - 10th) Sierra Leone LW 20 Sullay Kaikai 18 3
18%
2017/18 (Championship - 9th) Scotland LM 19 Theo Archibald 2
18%
2018/19 (Championship - 11th) Ireland LB 21 Tom Field 1
18%
2016/17 (Championship - 10th) Ireland LB 19 Tom Field 15 1
18%
2015/16 (Championship - 9th) Ireland LB 18 Tom Field 1
18%
2014/15 (Championship - 5th) England CB 29 Tony Craig 23
18%
2015/16 (Championship - 9th) France DM 28 Toumani Diagouraga 27
18%
2014/15 (Championship - 5th) France DM 27 Toumani Diagouraga 38
18%
2018/19 (Championship - 11th) France CB 25 Yoann Barbet 32 1
18%
2017/18 (Championship - 9th) France CB 24 Yoann Barbet 34 3
18%
2016/17 (Championship - 10th) France CB 23 Yoann Barbet 23 1
18%
2015/16 (Championship - 9th) France CB 22 Yoann Barbet 18 1
18%
2016/17 (Championship - 10th) England CM 19 Zain Westbrooke 1
18%
2016/17 (Championship - 10th) Austria LB 21 Callum Elder 6
9%
2015/16 (Championship - 9th) England CM 20 Jermaine Udumaga 3
0%
No matching quizzes found
Score Distribution
Percent of People with Each Score
Percentile by Number Answered
Your Score History
You have not taken this quiz since the last reset